Diccionario de la lengua
Saved in:
| Format: | Bog |
|---|---|
| Sprog: | spansk |
| Udgivet: |
Madrid
Alianza
1994
|
| Serier: | El libro de bolsillo. Sección literatura, 1660
|
| Fag: | |
| Tags: |
Tilføj Tag
Ingen Tags, Vær først til at tagge denne postø!
|
MARC
| LEADER | 00000nam a2200000 a 4500 | ||
|---|---|---|---|
| 001 | UCY4768 | ||
| 003 | CL-VaPUC | ||
| 008 | 950328e19940000SP |||||||||||||||||spa|d | ||
| 082 | 0 | 4 | |a 463 |b DIC |2 21 |
| 245 | 1 | 0 | |a Diccionario de la lengua |
| 300 | |a 1198 p | ||
| 942 | |c BK | ||
| 945 | |d 19950328 00:00:00 |a rbrito | ||
| 260 | |a Madrid |b Alianza |c 1994 | ||
| 650 | 0 | |a Español |9 255372 | |
| 650 | 0 | |a Diccionarios |9 256200 | |
| 583 | |a last modification |c 19950328 00:00:00 |k Rodrigo Vera | ||
| 490 | 0 | |a El libro de bolsillo. Sección literatura, 1660 | |
| 999 | |c 232536 |d 232534 | ||